00313nam a2200133Ia 45000030006000000080041000060400015000471000027000622450025000892600032001143000006001465460010001520050017001620STCL150530s9999 xx 000 0 und d aSTCLcSTCL aJagateesh Prasad Kausk aKavya Evam Kavyaroop bGranth Vikar ; Jaipurc1987 a0 aHindi20220125171256.0